LEADER 01688nam1 2200445 450 001 990003224110203316 005 20101125100535.0 035 $a000322411 035 $aUSA01000322411 035 $a(ALEPH)000322411USA01 035 $a000322411 100 $a20090422d2008----km-y0itay50------ba 101 0 $aita 102 $aIT 105 $a||||||||001yy 200 1 $aCodice di procedura penale$erassegna di giurisprudenza e di dottrina$fGiorgio Lattanzi, Ernesto Lupo$eammesso alle prove scritte dell'esame di avvocato 210 $aMilano$cGiuffrè$d2008 215 $aV.$d24 cm 410 0$12001 454 1$12001 461 1$1001-------$12001 463 \1$1001990003224200203316$12001 $a<> Parte speciale : processo minorile e giudice di pace$eaggiornamento 2003-2007$eammesso alle prove scritte dell'esame di avvocato 463 \1$1001990003226550203316$12001 $a<> Soggetti 463 \1$1001990003232140203316$12001 $a<> Misure cautelari (artt. 272-325)$eaggiornamento 2003-2007 463 \1$1001990003232150203316$12001 $a<> Procedimenti speciali (artt. 438-464)$eaggiornamento 2003-2007 676 $a345.450502648 702 1$aLATTANZI,$bGiorgio 702 1$aLUPO,$bErnesto 710 02$aITALIA$0423419 801 0$aIT$bsalbc$gISBD 912 $a990003224110203316 951 $aXXVI.2.B. 199/$bG.$cXXVI.2.B. 959 $aBK 969 $aGIU 979 $aFIORELLA$b90$c20090422$lUSA01$h1038 979 $aFIORELLA$b90$c20090422$lUSA01$h1039 979 $aFIORELLA$b90$c20090422$lUSA01$h1059 979 $aFIORELLA$b90$c20101125$lUSA01$h1005 996 $aCodice di procedura penale$9200118 997 $aUNISA LEADER 03465nam 22007095 450 001 996309095503316 005 20231025191012.0 010 $a3-486-71811-8 024 7 $a10.1524/9783486718119 035 $a(CKB)3710000000109172 035 $a(EBL)1433470 035 $a(OCoLC)879550949 035 $a(SSID)ssj0001315864 035 $a(PQKBManifestationID)11691987 035 $a(PQKBTitleCode)TC0001315864 035 $a(PQKBWorkID)11296417 035 $a(PQKB)11445361 035 $a(MiAaPQ)EBC1433470 035 $a(DE-B1597)228265 035 $a(OCoLC)979738801 035 $a(DE-B1597)9783486718119 035 $a(oapen)https://directory.doabooks.org/handle/20.500.12854/40574 035 $a(EXLCZ)993710000000109172 100 $a20190708d2013 fg 101 0 $ager 135 $aur|n|---||||| 181 $ctxt$2rdacontent 182 $cc$2rdamedia 183 $acr$2rdacarrier 200 00$aAkten zur Auswärtigen Politik der Bundesrepublik Deutschland $eWissenschaftliche Leiterin: Ilse Dorothee Pautsch$i1976 /$fMichael Ploetz, Tim Geiger, Matthias Peter 210 $cDe Gruyter$d2007 210 1$aBerlin ;$aBoston :$cOldenbourg Wissenschaftsverlag,$d[2013] 210 4$d©2007 215 $a1 online resource (1955 pages) 225 0 $aAkten zur Auswärtigen Politik der Bundesrepublik Deutschland. 300 $aIncludes index. 311 $a1-306-79166-9 311 $a3-486-58040-X 327 $tFrontmatter --$tInhalt --$tDokumentenverzeichnis --$tAkten zur Auswärtigen Politik der Bundesrepublik Deutschland 1976 330 $aHerausgegeben im Auftrag des Auswärtigen Amts vom Institut für Zeitgeschichte. Hauptherausgeber: Horst Möller, Mitherausgeber: Klaus Hildebrand, Gregor Schöllgen Wissenschaftliche Leiterin: Ilse Dorothee Pautsch 1976 war der Scheitelpunkt der Entspannungsära überschritten. Sorgen bereiteten der Bundesregierung das bedrohte strategische Gleichgewicht in Europa, der wachsende sowjetische Einfluss in Afrika und die Implementierung der KSZE-Schlussakte. Der Tindemans-Bericht und die Entscheidung für Direktwahlen zum Europäischen Parlament waren Ausdruck europapolitischer Reformbestrebungen. Weitere Aufmerksamkeit galt dem Demokratisierungsprozess in Portugal und in Spanien, der wirtschaftlichen und politischen Instabilität Italiens und dem griechisch-türkischen Konflikt. Verstärkt trat die Dritte Welt ins Blickfeld der Bonner Diplomatie. Fragen des Nord-Süd-Konflikts, insbesondere die Stabilisierung des Rohstoffmarkts, gewannen an Bedeutung. Der Herausforderung durch den internationalen Terrorismus versuchte die Bundesrepublik mit UNO-Initiativen zu begegnen. 606 $aNational security$xEurope 606 $aAußenpolitik 606 $aBundesrepublik Deutschland 606 $aEdition 606 $aZeitgeschichte 607 $aGermany (West)$xForeign relations$vSources 615 0$aNational security$xEurope. 615 4$aAußenpolitik. 615 4$aBundesrepublik Deutschland. 615 4$aEdition. 615 4$aZeitgeschichte. 676 $a327.7304 700 $aGeiger$b Tim$4auth$01430641 702 $aGeiger$b Tim 702 $aPeter$b Matthias$f1958- 702 $aPloetz$b Michael$f1967- 801 0$bDE-B1597 801 1$bDE-B1597 906 $aBOOK 912 $a996309095503316 996 $aAkten zur Auswärtigen Politik der Bundesrepublik Deutschland$93570389 997 $aUNISA